| 000 | 00772nam a22002057a 4500 | ||
|---|---|---|---|
| 003 | 0 | ||
| 005 | 20250207150821.0 | ||
| 008 | 250207b xxu||||| |||| 00| 0 eng d | ||
| 050 |
_aTX 945 _b.B66 2023 |
||
| 100 | _aBonao, Christian A. | ||
| 245 |
_aTaisho toriyaki izakaya mobile application _cChristian A. Bonao |
||
| 260 |
_aLas Pinas City _bSouthville International School and Colleges _c2023 |
||
| 300 |
_ax, 184 pages: _bcolored pictures and illustration; _c28cm. |
||
| 500 | _aBachelor of Science in Information Technology | ||
| 504 | _aIncludes bibliographical references and appendices. | ||
| 650 | _aMobile Applications—Development. | ||
| 650 | _aRestaurant Management—Technology. | ||
| 650 | _aOnline Ordering Systems for Restaurants. | ||
| 942 |
_2lcc _cTH |
||
| 999 |
_c367161 _d367161 |
||